| 000 | 00987nam a22002057a 4500 | ||
|---|---|---|---|
| 999 |
_c3459 _d3459 |
||
| 003 | AR-CdUCM | ||
| 008 | 190306b ||||| |||| 00| 0 spa d | ||
| 040 |
_aMUNICIPALIDAD PROVINCIAL DEL CUSCO _cBIBLIOTECA MUNICIPAL DEL CUSCO |
||
| 082 |
_a352 / _bD96 |
||
| 100 |
_aDueñas Bustinza, Julio Cesar _911394 |
||
| 245 |
_aCambio de Rumbo : _bCasos de Estudio en gestion administrativa Tecnologica / |
||
| 260 |
_aCusco ; _bDueñas & Dueñas, _c2006. |
||
| 300 |
_a86 páginas ; _c20.5 cm. |
||
| 505 | _aContenido : Licencias, Cuestion de Estado -- Rutas Tecnológicas -- De ética y D'alpaca -- Pintando el futuro -- Mi oficina -- Los claveles de Juan -- Cabinas del Tiempo -- Machupicchu Fuente de Energia -- Region Modelos -- Huella Digital -- Carrera de portunidades -- Sociedades Amicales -- ¿Desiciones Administrativas ?... | ||
| 650 |
_aAdministracion Publica _911395 |
||
| 650 |
_aGobierno Provincial Cusco _911396 |
||
| 650 |
_aCusco _9772 |
||
| 942 |
_2ddc _cLIBROS |
||
| 945 | _artm | ||